Statistics for NBA 2015-2016 Points Leaders

Click here to take the quiz!

General Stats

  • This quiz has been taken 1,325 times
  • The average score is 12 of 20

Answer Stats

PointsPositionAnswer% Correct
25.35LeBron James
99%
30.11Stephen Curry
98%
28.23Kevin Durant
96%
23.58Russell Westbrook
92%
29.02James Harden
91%
22.112Klay Thompson
79%
24.37Anthony Davis
68%
21.214Kawhi Leonard
67%
25.16Damian Lillard
65%
26.94DeMarcus Cousins
61%
23.110Paul George
60%
21.813Carmelo Anthony
59%
23.58DeMar Derozan
55%
20.916Jimmy Butler
50%
22.211Isaiah Thomas
46%
21.214Kyle Lowry
46%
20.916Kemba Walker
33%
20.719Andrew Wiggins
28%
20.818C.J. McCollum
26%
20.620Brook Lopez
19%

Score Distribution

Percentile by Number Answered

Percent of People with Each Score

Your Score History

You have not taken this quiz